000 00387nam a22001217a 4500
020 _aN
082 _222
_a338.064
100 _aGoldrman, Melvin; Engas, Herry ; Ralph eric and fellcer, gref,
245 _aTechnology institutions and polices /
260 _aThe wort Bank, wastington D.C,
_bThe wort Bank, wastington D.C,
_cc1997
300 _avii,44 p, ;
_bNA
_c24cm.
942 _2ddc
_cGEN
_01
999 _c3469
_d3469